|
|
|
|
| LEADER |
00000nam0a2200000 4500 |
| 001 |
21000 |
| 005 |
20231101205408.0 |
| 035 |
|
|
|a (RuTPU)RU\TPU\book\21193
|
| 035 |
|
|
|a BOOK00021264
|
| 090 |
|
|
|a 21000
|
| 100 |
|
|
|a 20011209d1976 km y0rusy50 ca
|
| 101 |
0 |
|
|a rus
|
| 102 |
|
|
|a RU
|
| 105 |
|
|
|a y z 000zy
|
| 200 |
1 |
|
|a Искусство Древнего Востока
|f В. К. Афанасьева, В. Г. Луконин, Н. А. Померанцева
|
| 210 |
|
|
|a Москва
|c Искусство
|d 1976
|
| 215 |
|
|
|a 375 с.
|
| 225 |
1 |
|
|a Малая история искусств
|
| 606 |
1 |
|
|a Искусство
|x История
|2 stltpush
|3 (RuTPU)RU\TPU\subj\13188
|9 39839
|
| 610 |
1 |
|
|a искусство
|
| 610 |
1 |
|
|a история
|
| 610 |
1 |
|
|a древний Восток
|
| 610 |
1 |
|
|a древний Египет
|
| 610 |
1 |
|
|a Двуречье
|
| 610 |
1 |
|
|a Шумер
|
| 610 |
1 |
|
|a Ближний Восток
|
| 610 |
1 |
|
|a Иран Древний
|
| 675 |
|
|
|a 7.03
|v 3
|
| 700 |
|
1 |
|a Афанасьева
|b В. К.
|g Вероника Константиновна
|
| 701 |
|
1 |
|a Луконин
|b В. Г.
|g Владимир Григорьевич
|
| 701 |
|
1 |
|a Померанцева
|b Н. А.
|g Наталья Алексеевна
|
| 801 |
|
0 |
|a RU
|b 63413507
|c 20011209
|g PSBO
|
| 801 |
|
2 |
|a RU
|b 63413507
|c 20140915
|g PSBO
|
| 900 |
|
|
|a Мировая культура и искусство
|
| 900 |
|
|
|a Искусство Востока
|
| 942 |
|
|
|c BK
|